Normal view
MARC view
Entry Nombre personal
001 - NÚMERO DE CONTROL
- campo de control: 111701
003 - IDENTIFICADOR DE NÚMERO DE CONTROL
- campo de control: DLC
005 - FECHA Y HORA DE LA ÚLTIMA TRANSACCIÓN
- campo de control: 20260429103842.0
008 - ELEMENTOS DE DATO DE LONGITUD-FIJA
- campo de control de longitud fija: 940318n| azannaabn |n aaa c
010 ## - NÚMERO DE CONTROL DE LA BIBLIOTECA DEL CONGRESO
- Número de control de LC: nr 94009209
- Número de control de LC cancelado o no válido: n 2015017431
040 ## - FUENTE DE CATALOGACIÓN
- Centro catalogador/agencia de origen: NjP
- Lengua de catalogación: eng
- Normas de descripción: rda
- Centro/agencia transcriptor: NjP
- Centro/agencia modificador: DLC
046 ## - FECHAS CON CODIFICACIÓN ESPECIAL
- Fecha de nacimiento: 1953
100 1# - ENCABEZAMIENTO-NOMBRE DE PERSONA
- Nombre de persona: Casale, Angelandrea,
- Fechas asociadas al nombre: 1953-
370 ## - LUGAR ASOCIADO
- Lugar de nacimiento: Boscoreale (Italia)
377 ## - IDIOMA ASOCIADO
- Código del idioma: ita
670 ## - FUENTE DE DATOS ENCONTRADOS
- Cita de la fuente: Boscoreale e le sue testimonianze archeologiche, 1988
- Información encontrada: cred. (Casale, Angelandrea)